LEADER 01249nam a2200277 i 4500 001 000000254936 003 CaOOAMICUS 005 20170821000000.0 008 170821s2006 it u000 u fre u 013 $a233841 020 $a978-2-906405-71-x 040 $aSeMil$bita 100 1 $aMillet, Martine <1942- >.$0(OLS)http://semarc/name/94380 245 12$aL'art de conter la Bible :$bune approche pratique /$cMartine Millet ; avec Odile Lafaurie, Marie-Hélène Luiggi. 260 $aParis :$bEmpreinte temps présent,$c2006. 300 $a103 p. ;$c21 cm. 650 4$aCatechesi - Metodo - Racconti.$0(OLS)http://semarc/subject/21020 650 4$aCatechesi biblica.$0(OLS)http://semarc/subject/4284 700 1 $aLuiggi, Marie-Hélène.$0(OLS)http://semarc/name/94382 700 1 $aLafaurie, Odile.$0(OLS)http://semarc/name/94381 850 $aSeMil 852 $aSeMil$W1$xVenegono$y1$m2Z I 117$j205282$B205282$CSeMilBibl$Z2$F219107 $81 961 $aOmaggio: Lorenzi don Ugo 996 $6020$a978-2-906405-71-x$9(OLS)http://semarc/number/278547 996 $6245$aL'art de conter la Bible :$bune approche pratique$9(OLS)http://semarc/title/411293 996 $6260$aParis :$bEmpreinte temps présent$9(OLS)http://semarc/publisher/57545 LEADER 00916nam a2200229 i 4500 001 000000192826 003 CaOOAMICUS 005 20101001000000.0 008 101001s1945 it u000 u ita u 013 $a171460 040 $aSeMil$bita 100 1 $aSommaruga, Germana.$0(OLS)http://semarc/name/16996 245 10$aSan Camillo De Lellis /$cGermana Sommaruga. 260 $aMilano :$bPerinetti Casoni,$cstampa 1945. 300 $a290 p. ;$c17 cm. 490 0 $aI grandi santi della Chiesa 600 14$aLellis, Camillo : de .$0(OLS)http://semarc/subject/7897 830 2$aI grandi santi della Chiesa.$0(OLS)http://semarc/title/13640 850 $aSeMil 852 $aSeMil$W1$xVenegono$y1$m3J II 174$j143401$B143401$CSeMilBibl$Z2$F154857 $81 996 $6245$aSan Camillo De Lellis$9(OLS)http://semarc/title/277963 996 $6260$aMilano :$bPerinetti Casoni$9(OLS)http://semarc/publisher/31747